000 00245nam a2200097Ia 4500
001 685961
005 20250826161527.0
008 250824s9999 xx 000 0 und d
245 0 _aAYET AYET İNSAN
_cYAVUZ BAHADIROĞLU
260 _bPANAMA YAYINLARI
999 _c685961
_d685961